000 00345cam a2200145ua 4500
041 _aeng
_h
082 _a821
_bGRA/PO
100 _aGray, .
245 _aPoetry and prose /
_cGray.
_hTextual Documents
260 _aLondon :
_bOxford at the Clarendon Press ,
_c1963.
300 _a176 ; .
504 _a
942 _cBK
999 _c4988
_d4988